00961nam a22002655a 450000500170000000800410001701000140005802000260007203500130009803700150011104000180012608200170014410000230016124500710018426000320025527000670028730000270035450000410038165000330042265000230045565000190047894200310049799900170052895201500054520090622155420.0090324s2009 ii a b 001 0 eng  aENG-94184 a9780415484510c650.00 aEN-77717 bDBAD / PUB adplbEnglish  a809.93353092 aMerchant, Hoshang  aForbidden sex/texts:cby Hoshang Merchantbnew India's gay poets / aNew Delhi bRoutledgec2009 a912-915 Tolstory House, 15-17 Tolstoy MargbNew Delhi e110001 axxi, 270p. c23cm(Hb)  aIncludes bibliographical references  aHomosexuality and literature aGays in literature aGay's writings 2ddccENmMERh809.93353092 c27775d27775 00102ddc40718NFICaDBADbDBADd2009-06-22eDBAD / PUBg650.00l0o809.93353092 MERpEN-77717r2009-06-22 00:00:00t1v650.00w2009-06-22yEN